000 00548nam a2200205Ia 4500
003 GCL
008 140319s9999 xx 000 0 eng d
040 _aGCL /
_cGCL
082 0 4 _a956.9442
_bR I
100 1 _aRAFFIN, PATRIZIA
245 1 0 _aINSIDE JERUSALEM /
_cRAFFIN, PATRIZIA
700 1 _aBULOCCO, PATRIZIA
260 _a[S.N] :
_bTIGER BOOKS INTERNATIONAL ،
_c1991
300 _a92 P
650 0 4 _aJERUSALEM - HISTORY
650 0 4 _aJERUSALEM - ARABIC RELATION
650 0 4 _aHISTORY
650 0 4 _aISLAM - JERUSALEM
942 _2ddc
_cBK
999 _c15193
_d15193